| 000 | 01115cam a22003374a 4500 | ||
|---|---|---|---|
| 001 | 12284843 | ||
| 003 | OSt | ||
| 005 | 20140310182721.0 | ||
| 008 | 010122s2002 mauab b 001 0 eng | ||
| 010 | _a 2001030004 | ||
| 020 | _a0070294119 (pbk. : alk. paper) | ||
| 040 |
_aDLC _cDLC _dDLC |
||
| 042 | _apcc | ||
| 050 | 0 | 0 |
_aQL 47.2 _b.M651 2003 |
| 082 | 0 | 0 |
_aM 590 _25th ed. _bM61 2003 |
| 100 | 1 | _aMiller, Stephen A. | |
| 245 | 1 | 0 |
_aZoology _cMiller, Stephen A., Harley, John P. |
| 250 | _a5th ed. | ||
| 260 |
_aNew York : _bMcGraw-Hill Companies Inc, _cc2003. |
||
| 300 |
_axvii, 594 p. : _bill. ; _c24 cm. |
||
| 504 | _aIncludes bibliographical references and index. | ||
| 521 | _aCollege Students | ||
| 526 | _c1210L-1700L | ||
| 541 | _j1 | ||
| 562 | _efor circulation : 3 copy available in the collection | ||
| 650 | 0 | _aZoology. | |
| 700 | 1 | _aHarley, John P. | |
| 906 |
_a7 _bcbc _corignew _d1 _eocip _f20 _gy-gencatlg |
||
| 942 |
_2lcc _cBK _kM |
||
| 999 |
_c15341 _d15341 |
||